| 000 | 00880nam a2200265Ia 4500 | ||
|---|---|---|---|
| 003 | OSt | ||
| 005 | 20220930085343.0 | ||
| 006 | a|||||r|||| 00| 0 | ||
| 007 | ta | ||
| 008 | 220926b |||||||| |||| 00| 0 eng d | ||
| 024 | _a95990 | ||
| 037 | _cTheses | ||
| 040 |
_aCRL _cCRL _beng |
||
| 041 |
_2eng _aeng |
||
| 100 |
_aAggarwal Nupur _9540037 |
||
| 110 | _aUniversity of Delhi. Faculty of Medical Sciences. Department of Pediatrics | ||
| 245 | 0 | _aVitamin D status in term exclusively breastfed infants upto six months of age | |
| 260 | _c2007 | ||
| 650 | _aCHILDREN - DISEASES | ||
| 700 |
_a Dr. M. M. A .Faridi Gu. _9532685 |
||
| 700 |
_a Dr. Om Singh Gu. _9536880 |
||
| 700 | _aUniversity of Delhi. Faculty of Medical Sciences. Department of Pediatrics | ||
| 942 |
_cDIS _2CC |
||
| 999 |
_c878769 _d878769 |
||